[Event "DEN-chT XtraCon 2018-19"]
[Site "Denmark"]
[Date "2019.02.24"]
[Round "7.7"]
[White "Vasli, Aref"]
[Black "Hansen, Lars"]
[Result "1-0"]
[WhiteElo "2293"]
[BlackElo "2198"]
[Annotator "TA"]
[PlyCount "75"]
[EventDate "2018.10.27"]
[EventType "team-tourn"]
[EventCountry "DEN"]
[SourceTitle "playchess.com"]
[Source "ChessBase"]
[SourceQuality "1"]

{[%evp 13,75,23,11,7,20,18,18,18,33,24,22,21,25,16,82,43,58,28,30,20,56,41,53,55,61,60,50,47,66,66,72,79,81,66,76,77,68,92,69,52,25,23,74,26,28,37,36,25,25,0,198,211,209,197,227,185,669,603,964,964,1375,1362,1203,1112]} 1. e4 e6 2. d4 d5 3. Nc3 Nf6 4. Bg5 Be7 5. e5 Nfd7 6. h4 h6 7. Bxe7 Qxe7 8. Qd2 {C14: French: Classical System: 4 Bg5 Be7 main line} (8. Qg4 O-O 9. f4 a6 10. Nf3 c5 11. O-O-O Nc6 12. Rh3 cxd4 13. Nxd4 Nxd4 14. Rxd4 f6 15. exf6 Qxf6 16. Qd1 {½-½ (61) Amonatov,F (2614)-Levin,E (2516) St Petersburg 2018}) 8... a6 9. Nce2 c5 10. c3 {The position is equal.} Nc6 11. Nf3 Nb6 12. Nf4 Bd7 $146 ({Predecessor:} 12... cxd4 13. cxd4 Qb4 14. Be2 Bd7 15. Rc1 Qxd2+ 16. Kxd2 {½-½ (29) Fedorov,S (2423)-Kruschinski,D (2432) ICCF email 2015}) 13. Be2 O-O-O (13... cxd4 $11 {keeps the balance.} 14. cxd4 O-O) 14. dxc5 Qxc5 15. b4 Qe7 16. Qe3 Kc7 17. a4 {[%cal Ba2a4,Ba4a5][%mdl 32]} d4 $1 {[%cal Rd4e3]} 18. Nxd4 Nxd4 19. Qxd4 ({Inferior is} 19. cxd4 Qxb4+ 20. Qd2 Qxd2+ 21. Kxd2 Bxa4 $17) 19... Bc6 20. Qe3 {b5 is the strong threat.} g5 21. a5 Nd7 22. hxg5 hxg5 23. Rxh8 Rxh8 24. Nh5 Bxg2 25. O-O-O Bc6 26. Qd4 Kb8 27. Kb2 Rc8 (27... Ka8 $11) 28. Nf6 Nxf6 29. exf6 Qc7 30. c4 Rh8 31. Rg1 (31. b5 {seems wilder.} axb5 32. cxb5 Bd5 33. Rc1 Qd6 34. Qc3) 31... Qf4 $2 (31... Rh4 $11 {and Black stays safe.} 32. Rg4 Ka8) 32. Qxf4+ $18 gxf4 {[%mdl 4096] Endgame [#] KRB-KRB} 33. Rg7 $1 f3 34. Bd3 Rh2 $2 (34... Rf8 35. Kc3 Kc7) 35. Rxf7 {White is clearly winning.} Rxf2+ 36. Kc3 {Threatening mate with Rh7.} Rh2 37. Rf8+ Kc7 38. f7 {Accuracy: White = 60%, Black = 37%.} 1-0

[Event "DEN-chT XtraCon 2018-19"]
[Site "Denmark"]
[Date "2019.02.24"]
[Round "7.7"]
[White "Ochsner, Thomas"]
[Black "Pedersen, Nicolai Kvist Brond"]
[Result "0-1"]
[WhiteElo "2271"]
[BlackElo "2269"]
[Annotator "TA"]
[PlyCount "130"]
[EventDate "2018.10.27"]
[EventType "team-tourn"]
[EventCountry "DEN"]
[SourceTitle "playchess.com"]
[Source "ChessBase"]
[SourceQuality "1"]

{[%evp 19,130,6,9,0,15,0,2,0,0,0,0,-8,0,0,-17,-16,0,-8,-13,-71,-74,-71,-64,-98,-58,-72,-69,-99,-68,-139,-140,-120,-118,-127,-127,-138,-61,-76,-68,-135,-84,-74,-77,-104,-108,-108,-112,-118,-106,-117,-48,-48,-48,-48,-48,-48,-48,-48,-48,-58,-41,-48,-48,-48,-48,-48,-48,-48,0,-27,0,0,0,-33,-8,-48,-45,-104,-97,-101,-12,-20,-13,-25,-32,-32,-32,-69,0,0,0,0,0,0,0,0,0,-54,-33,-146,-146,-234,-234,-1506,-2566,-29980,-29981,-29995,-29996,-29996,-29989,-29998,-29990]} 1. e4 c5 2. Nf3 e6 3. c3 d5 4. exd5 Qxd5 5. d4 Nf6 6. Be3 cxd4 7. cxd4 Be7 8. Nc3 Qd8 9. Bd3 O-O 10. O-O b6 11. Qe2 {B22: Sicilian: 2 c3} Bb7 12. Rfe1 Nbd7 (12... Nd5 13. Bd2 Nxc3 14. bxc3 Nd7 15. c4 Bf6 16. Bc3 Qc7 17. Rad1 Rfd8 18. Qe3 Rac8 {0-1 (37) Bortnyk,O (2581)-Nakamura,H (2779) Doha 2016}) 13. Bg5 {The position is equal.} Re8 14. Rad1 Nd5 15. Bd2 {[#]} Nxc3 $146 ({Predecessor:} 15... Nb4 16. Bb1 Nf6 17. Bc1 Ba6 18. Qd2 Rc8 19. Ne5 Nbd5 20. a3 {0-1 (28) Taddei,B (2295)-Bauer,C (2622) Vandoeuvre 2004}) 16. bxc3 Qc7 17. c4 Rac8 18. Rc1 Bd6 19. Ne5 (19. Be3 $11) 19... Nxe5 $17 20. dxe5 Bc5 21. Bg5 Be7 22. Bf4 Red8 23. Red1 Rd7 24. Qg4 (24. Qc2 $15) 24... Rcd8 $1 25. Bf1 Rd4 26. Rxd4 Rxd4 27. Qg3 Qd8 (27... h5 $1 $17 {White must now prevent ...h4.} 28. h4 g6) 28. Bh6 {[%csl Gh6][%cal Rg3g7]} g6 29. Qb3 (29. Re1 $15) 29... Bg5 (29... g5 $142 $1 30. Rc3 Be4) 30. Bxg5 Qxg5 {[%mdl 64] Double Attack} 31. Rd1 Rxd1 $1 ({But not} 31... Qxe5 $6 32. Qc3 $11) 32. Qxd1 Qxe5 33. Qd8+ Kg7 34. Qe7 {[#]} Qe4 (34... Qb8 $1 $17 35. Qd7 Bc8) 35. Qa3 $15 Qd4 36. Qxa7 Be4 37. Qa3 e5 38. h3 Bf5 39. Qb3 Be6 40. Qc2 h5 41. Qc1 Kh7 42. Qc2 Qa1 43. Qb3 Qd4 44. Qb4 Bf5 45. Qf8 Be6 46. Qb4 $1 Kg7 47. a3 Bf5 $36 {[%mdl 2048] Black has some pressure.} 48. Qe7 (48. Qe1 $15) 48... Qa1 $17 {aiming for ...Bd3.} 49. Qd6 Be6 (49... h4 $17) 50. Qb4 $11 Qc1 51. Qb5 $1 Kh7 52. Qb4 e4 53. Qb3 $1 Qe1 ({Better is} 53... Kg8 $15) 54. Qb4 Qxb4 (54... Qd1 {looks sharper.} 55. c5 bxc5 56. Qxc5 Qa1 57. Qb4 Qc1) 55. axb4 {[%mdl 4096] Endgame KB-KB} Kg7 56. c5 bxc5 57. bxc5 Kf6 58. Bb5 (58. h4 $11) 58... Ke5 59. Bc6 {[#]} (59. Kf1 $15) 59... h4 $1 $17 60. f3 (60. Kf1 $17) 60... e3 $19 61. Be8 $2 (61. Bb5) 61... Bc4 62. f4+ Kxf4 {Black mates.} 63. c6 Kg3 64. Bxf7 Bxf7 65. c7 Be6 {Accuracy: White = 41%, Black = 57%.} 0-1

[Event "DEN-chT XtraCon 2018-19"]
[Site "Denmark"]
[Date "2019.02.24"]
[Round "7.7"]
[White "Firooznia, Farzam"]
[Black "Grubert, Christian"]
[Result "1-0"]
[WhiteElo "2092"]
[BlackElo "2173"]
[Annotator "TA"]
[PlyCount "101"]
[EventDate "2018.10.27"]
[EventType "team-tourn"]
[EventCountry "DEN"]
[SourceTitle "playchess.com"]
[Source "ChessBase"]
[SourceQuality "1"]

{[%evp 12,101,-11,-37,-26,-24,42,-56,-40,-51,7,6,16,16,15,0,0,0,0,0,0,0,0,0,0,0,0,0,14,5,24,0,13,0,20,17,16,18,15,0,0,12,5,13,0,0,16,16,27,13,37,32,25,0,0,0,8,0,0,0,0,0,0,0,30,15,10,16,68,64,146,164,137,135,151,77,460,520,472,488,760,729,759,738,777,789,29962,29969,5673,5708,1942,1884]} 1. e4 c5 2. Nc3 g6 3. f4 Bg7 4. Nf3 Nc6 5. Bb5 Nd4 6. O-O e6 7. e5 a6 {B23: Closed Sicilian: Lines without g3} (7... Ne7 8. Nxd4 cxd4 9. Ne4 O-O 10. b3 d5 11. Nd6 f6 12. Nxc8 Rxc8 13. exf6 Rxf6 14. Ba3 Nc6 15. Qe2 {½-½ (52) Dimitrov,R (2445)-Naiditsch,A (2724) Bastia 2013}) 8. Bd3 d5 ({Black should try} 8... f5 $11) 9. exd6 ({White should play} 9. Nxd4 $14 cxd4 10. Ne2) 9... Qxd6 {Black is slightly better.} 10. Ne4 Qe7 $146 (10... Nxf3+ $15 11. Qxf3 Qb6) ({Predecessor:} 10... Qc7 11. c3 Nxf3+ 12. Qxf3 Nf6 13. Bc4 Bd7 14. d3 Bc6 15. Nxf6+ Bxf6 {0-1 (50) Mollo,J (1695)-Landa Medrano,G (1911) Santa Cruz 2015}) 11. Ne5 $11 Nf6 12. c3 Nf5 13. g4 Nxe4 14. Bxe4 Nd6 15. Qa4+ Bd7 16. Nxd7 Qxd7 17. Qxd7+ Kxd7 18. Bf3 Rad8 19. d3 Ke7 20. Be3 Rc8 21. Rad1 Rhd8 22. Rfe1 Rd7 23. Rd2 b6 24. Kf2 Rcd8 25. Red1 Nb5 26. a4 Nd4 $1 27. Bxd4 cxd4 28. c4 Rb8 29. b4 Rc7 30. Ra2 Kd8 31. Rb1 Bf8 32. Bg2 Bd6 33. Kf3 Re7 34. Re2 f5 35. g5 Kd7 36. h4 h5 37. Rbb2 Ree8 38. Kg3 e5 39. fxe5 Bxe5+ ({Better is} 39... Rxe5 $11 40. Rxe5 Re8 {[%mdl 64] Pin}) 40. Kf2 $14 Bf4 {[#]} (40... Re7 $14) 41. Bd5 $1 $16 Be3+ 42. Kf3 Re7 {[#]} 43. a5 (43. c5 $142 $1) 43... Kc7 $2 {[%mdl 8192]} (43... bxa5 $16 {is a better chance.} 44. bxa5 Rxb2 45. Rxb2 Bc1 46. Rb7+ Kd8) 44. b5 $18 axb5 45. a6 Kd8 (45... bxc4 $142 46. a7 Rbe8 47. dxc4 Re4) 46. Rxb5 Ra7 47. Bb7 Kc7 48. c5 bxc5 49. Rxc5+ Kd7 50. Rd5+ Ke6 51. Rxd4 {Accuracy: White = 63%, Black = 38%.} 1-0

[Event "DEN-chT XtraCon 2018-19"]
[Site "Denmark"]
[Date "2019.02.24"]
[Round "7.8"]
[White "Ramsdal, Jens Albert"]
[Black "Andersen, Soren Mikkel"]
[Result "1/2-1/2"]
[WhiteElo "2251"]
[BlackElo "2138"]
[Annotator "TA"]
[PlyCount "96"]
[EventDate "2018.10.27"]
[EventType "team-tourn"]
[EventCountry "DEN"]
[SourceTitle "playchess.com"]
[Source "ChessBase"]
[SourceQuality "1"]

{[%evp 21,96,17,20,27,45,32,32,32,38,36,41,37,35,-25,-32,-24,-44,-37,-37,-65,-65,-85,-85,-83,-85,-86,-55,-47,-25,-26,-29,-31,-6,-29,-31,-13,-25,-22,-26,-31,-22,-23,-20,-15,57,65,68,66,62,53,58,55,64,69,240,185,237,112,323,115,104,0,0,0,0,0,3,3,3,3,3,0,0,0,0,0,10]} 1. e4 c5 2. Nf3 d6 3. Bb5+ Bd7 4. Bxd7+ Qxd7 5. c4 Nf6 6. Nc3 g6 7. d4 cxd4 8. Nxd4 Bg7 9. O-O Nc6 10. Nde2 O-O 11. f3 Rfc8 12. Be3 {B52: Sicilian: Moscow Variation with 3...Bd7} b6 (12... Qd8 13. b3 a6 14. a4 Nd7 15. Rb1 Bf8 16. Qd2 e6 17. Rfd1 Qa5 18. Kh1 Rd8 19. Bg5 Re8 {1-0 (45) Berkes,F (2648)-Gonda,L (2546) Hungary 2015}) 13. Rc1 Qb7 14. b3 {White is slightly better.} a6 $146 ({Predecessor:} 14... Nd7 15. Kh1 a6 16. a4 Nc5 17. Rb1 Ne5 18. Bg1 a5 19. Qd2 {0-1 (36) Wall,T (2250)-Bekker Jensen,D (2200) Copenhagen 1995}) 15. Nd5 Nd7 16. Nd4 Bf8 17. f4 (17. a4 $14) 17... e6 $11 18. Nc3 $1 Nxd4 19. Qxd4 b5 20. f5 bxc4 $1 21. fxe6 fxe6 22. bxc4 {[#]} Qc6 $1 23. e5 dxe5 (23... Nxe5 $6 24. Ne4 $11) 24. Qd3 Nc5 25. Qc2 Bg7 26. Kh1 Rf8 27. Rfe1 Rad8 {[#] aiming for ...Nd3.} 28. Bxc5 Qxc5 29. Ne4 Qc6 30. h3 Rd4 {And now ...Rf4 would win.} 31. c5 Bh6 32. Rb1 {[%cal Bc1b1,Bb1b6,Bb6e6][%mdl 32]} Rfd8 ({Better is} 32... Rf4 $11 33. Nd6 Qd5) 33. Rb6 $36 {[%mdl 2048] White has some pressure.} Qa4 $1 {[%cal Ra4c2]} 34. Qxa4 Rxa4 35. Rxe6 Bg7 36. Re2 Rdd4 37. Ng5 h6 $2 (37... Rd1+ $14 38. Kh2 Rd8) 38. Re8+ $18 Bf8 39. Nf3 (39. Rf2 $18 Rf4 40. Rxf4 Rxf4 41. c6) 39... Re4 $2 (39... Rd1+ $16 40. Kh2 Kf7) 40. Rc2 $2 (40. Rd2 $18 {and White stays clearly on top.}) 40... Rec4 $16 41. Rd2 (41. Rxc4 $16 Rxc4 42. Nxe5 {[%mdl 64] Double Attack} Rc1+ 43. Kh2) 41... Kf7 $11 {The position is equal.} 42. Rdd8 Rc1+ 43. Kh2 Bxc5 44. Nxe5+ Kf6 45. Nd7+ Kf7 {( -> ...Bg1+)} 46. Ne5+ Kf6 47. Ng4+ Kf7 {Strongly threatening ...Bg1+.} 48. Ne5+ ({Don't blunder} 48. Nxh6+ $2 Kg7 $19) 48... Kf6 {Accuracy: White = 52%, Black = 68%.} 1/2-1/2

[Event "DEN-chT XtraCon 2018-19"]
[Site "Denmark"]
[Date "2019.02.24"]
[Round "7.8"]
[White "Andersen, Ib Hother"]
[Black "Percivaldi, Martin"]
[Result "0-1"]
[WhiteElo "2159"]
[BlackElo "2392"]
[Annotator "TA"]
[PlyCount "118"]
[EventDate "2018.10.27"]
[EventType "team-tourn"]
[EventCountry "DEN"]
[SourceTitle "playchess.com"]
[Source "ChessBase"]
[SourceQuality "1"]

{[%evp 23,118,0,0,0,22,14,17,26,79,82,77,100,75,41,77,38,23,35,114,110,112,120,136,126,144,54,75,40,42,40,40,40,40,40,41,40,69,69,59,53,61,48,112,67,118,59,64,7,101,0,0,0,0,0,0,0,0,0,0,0,0,0,0,-142,-160,-164,-122,-87,-39,-52,-38,-50,-60,-45,-60,-259,-251,-547,-541,-577,-451,-418,-258,-491,-520,-478,-480,-534,-530,-744,-719,-654,-640,-766,-727,-1914,-1372]} 1. d4 d5 2. c4 c6 3. cxd5 cxd5 4. Nc3 Nf6 5. Nf3 Nc6 6. Bf4 a6 7. e3 Bg4 8. Be2 e6 9. Rc1 Be7 10. h3 Bh5 11. O-O O-O {D13: Slav Defence: Exchange variation without ...Bf5} 12. a3 (12. Ne5 Nxe5 13. Bxe5 Bxe2 14. Nxe2 Rc8 15. Rxc8 Qxc8 16. Qb3 Qd7 17. Rc1 Rc8 18. Qb6 Ne8 19. Rxc8 Qxc8 {½-½ (40) Xiong,J (2633)-Artemiev,V (2665) Bhubaneswar 2016 CBM 173 Extra [Besenthal,K]}) 12... Rc8 {LiveBook: 3 Games} 13. b4 {[%cal Bb2b4,Bb4b5][%mdl 32]} a5 {The position is equal.} 14. b5 Nb8 15. Qb3 $146 ({Predecessor:} 15. g4 Bg6 16. Qb3 Nbd7 17. Na4 Ne4 18. Rfd1 Bh4 19. Rf1 Bxf2+ {½-½ (39) Wiedermann,D (2156)-Hess,C (2235) Graz 2008}) 15... Ne4 (15... Nbd7 $11 {keeps the balance.}) 16. g4 $16 Bg6 17. Nxe4 Bxe4 18. Nd2 $36 {[%mdl 2048] White has good play.} Bg6 19. Rc3 Rxc3 20. Qxc3 b6 (20... a4 $14) 21. Bc7 Qc8 {[#]} 22. Rc1 $1 Nd7 {[#]} 23. Nf3 $1 a4 24. Bg3 ({Better is} 24. Ne5 $16) 24... Qa8 25. Ne1 Nf6 26. f3 Rd8 27. Nd3 Bxd3 $1 28. Bxd3 Ne8 29. Kf2 {[%cal Bg1f2,Bf2e2,Be2d1][%mdl 32]} h6 30. Ke2 Kf8 31. Rc2 Qa7 32. Kd1 Nd6 (32... Qd7 $14) 33. Qb2 Rd7 (33... Qd7 $14) 34. Be1 (34. Rc6 $16) 34... Rc7 $14 35. Bb4 (35. Rc6 $1 $14) 35... Nc4 (35... Qb7 $11 {remains equal.}) 36. Bxc4 ({White must play} 36. Bxe7+ $16 Kxe7 37. Qb4+ Kf6 38. Ke2 (38. Bxc4 Rxc4 39. Rxc4 dxc4 $14)) 36... Rxc4 $11 37. Rxc4 dxc4 38. Kd2 Kg8 39. Kc3 Bh4 40. Qe2 Qc7 41. f4 Qb7 42. e4 ({Much worse is} 42. Qxc4 Qg2 $17) 42... Qc7 43. e5 (43. Qe3 $11) 43... Qb7 $17 44. Qxc4 {aiming for Qc6.} Qf3+ 45. Kb2 Qxh3 {...Qh2+ is the strong threat.} 46. Qc8+ Kh7 47. Qc2+ g6 48. Qxa4 Qxg4 {Hoping for ...Bf2.} 49. Bd2 $2 ({White has to play} 49. Qa7 $1 $15 Qe2+ 50. Kb3 Qd1+ 51. Ka2 Qc2+ 52. Ka1) 49... Bf2 50. Qb4 $2 (50. Qc4) 50... h5 $19 51. Qd6 Qe2 52. Kc3 Qxb5 53. f5 $2 (53. Qe7 Qa5+ 54. Kc2 Qa4+ 55. Kd3 Qa6+ 56. Kc2 Qc8+ 57. Kd3) 53... Qa5+ {Black is clearly winning.} 54. Kc2 Qa4+ 55. Kc3 gxf5 {[%cal Bg6f5,Bf5f4][%mdl 32]} 56. Qxb6 Qxa3+ 57. Kc2 Qg3 58. Qd8 f4 59. Qf6 Qg6+ {Precision: White = 33%, Black = 54%.} 0-1

[Event "DEN-chT XtraCon 2018-19"]
[Site "Denmark"]
[Date "2019.02.24"]
[Round "7.8"]
[White "Wilbrandt, Simon Pil"]
[Black "Pedersen, Lars"]
[Result "0-1"]
[WhiteElo "2108"]
[BlackElo "2089"]
[Annotator "TA"]
[PlyCount "68"]
[EventDate "2018.10.27"]
[EventType "team-tourn"]
[EventCountry "DEN"]
[SourceTitle "playchess.com"]
[Source "ChessBase"]
[SourceQuality "1"]

{[%evp 17,68,6,33,0,30,-14,-8,-333,-319,-347,-347,-453,-444,-493,-492,-477,-470,-493,-490,-485,-476,-572,-590,-950,-954,-1086,-1070,-1183,-1183,-1125,-1146,-1257,-1012,-1768,-1760,-1969,-1954,-2015,-1923,-1663,-1067,-1326,-1308,-1535,-1487,-1366,-1144,-1415,-1406,-29984,-29985,-29985,-29986]} 1. d4 Nf6 2. c4 e6 3. Nc3 Bb4 4. f3 d5 5. a3 Bxc3+ 6. bxc3 c5 7. cxd5 Nxd5 8. dxc5 Qa5 9. e4 Ne7 10. Qb3 {E25: Nimzo-Indian: Sämisch: 5...c5 6 f3 d5 7 cxd5} (10. Be3 O-O 11. Qb3 Qc7 12. Bb5 Nec6 13. Ne2 Na5 14. Qb4 e5 15. Nd4 exd4 16. cxd4 b6 17. Rc1 Bd7 18. d5 Bxb5 19. cxb6 Qd7 20. Qxa5 axb6 21. Qxb6 Rxa3 {0-1 (53) Kravtsiv,M (2654)-Jakovenko,D (2749) Ankara 2018}) 10... O-O 11. Bb5 $146 ({Predecessor:} 11. Be3 Nbc6 12. Bb5 Qc7 13. Ne2 e5 14. Bxc6 Nxc6 15. Rb1 Na5 16. Qb4 Be6 17. Kf2 Rab8 18. Rhd1 Nc4 19. Bc1 {0-1 (35) Xanthos,C (2255)-Morovic Fernandez,I (2580) New York 1997}) 11... a6 12. Qb4 $2 {[%mdl 8192]} (12. Be2 $11 {and White is okay.}) 12... Qxb5 13. a4 Qd3 14. Bg5 Nbc6 15. Qb3 {[#] intending Rd1.} Nd4 $1 {[%mdl 576] Pin} 16. Qd1 (16. cxd4 Qxb3) 16... Qxc3+ {[%mdl 64] Double Attack} 17. Kf2 Nec6 18. Rc1 Qa5 19. e5 h6 20. Bh4 Nf5 21. Rc4 Nxh4 22. Rxh4 Qxc5+ {[%mdl 64] [#] Double Attack} 23. Kg3 Rd8 24. Qb1 Ne7 {aiming for ...Nf5+.} 25. Rg4 Qxe5+ 26. f4 Qe3+ 27. Nf3 Nf5+ 28. Kh3 Qd3 29. Qb2 b5 30. Rc1 Bb7 31. Rc3 Qd5 32. Re3 Qd1 33. Qf6 Bxf3 34. Rxf3 Rd3 {Accuracy: White = 12%, Black = 82%.} 0-1

[Event "DEN-chT XtraCon 2018-19"]
[Site "Denmark"]
[Date "2019.02.24"]
[Round "7.8"]
[White "Andersen, Asger J."]
[Black "Sobjerg, Erik"]
[Result "0-1"]
[WhiteElo "1622"]
[BlackElo "2264"]
[Annotator "TA"]
[PlyCount "42"]
[EventDate "2018.10.27"]
[EventType "team-tourn"]
[EventCountry "DEN"]
[SourceTitle "playchess.com"]
[Source "ChessBase"]
[SourceQuality "1"]

{[%evp 9,42,2,14,0,10,-45,-41,-36,0,0,0,0,47,15,14,1,29,-21,0,-85,-90,-74,-99,-169,-170,-196,-198,-202,-214,-740,-731,-773,-737,-5222,-3561]} 1. e4 e5 2. Nf3 Nc6 3. Bb5 f5 4. Bxc6 bxc6 5. d3 (5. Nxe5 Qe7 6. d4 d6 7. Nxc6 Qxe4+ 8. Qe2 Qxe2+ 9. Kxe2 Bb7 10. d5 Nf6 11. c4 Ba6 12. b3 Nxd5 {0-1 (57) Savic,M (2477)-Pap,M (2509) Vrnjacka Banja 2010}) 5... fxe4 6. dxe4 {C63: Ruy Lopez: Schliemann/Jaenisch Defence} Nf6 7. Bg5 (7. O-O $11) 7... Bc5 $15 {Hoping for ...Bxf2+!} 8. O-O {Black is slightly better.} Ba6 9. Re1 O-O $146 ({Predecessor:} 9... d6 10. Nbd2 O-O 11. c4 Qe8 12. Be3 Bxe3 {½-½ (12) Schultheiss,R-Hernandez Molina,D ICCF corr 1990}) 10. Nbd2 Qe8 11. Bxf6 Rxf6 12. c4 Bc8 13. a3 a5 14. Rb1 {[#]} (14. Qa4 $11 {keeps the balance.}) 14... a4 $1 $36 {[%mdl 2048] White is under strong pressure.} 15. b4 axb3 $1 16. Rxb3 (16. Nxb3 $17 Bxa3 17. Ra1) 16... d6 $19 ({But not} 16... Rxa3 17. Rxa3 Bxa3 18. Qa4 $15) 17. Qa1 {[#]} g5 $1 {[%cal Bg7g5,Bg5g4][%mdl 544]} 18. Re2 (18. Nxg5 Rxf2) 18... Qh5 {...Be6 is the strong threat.} 19. Kf1 $2 (19. Qc1) 19... g4 {Black is clearly winning.} 20. Ng1 Qxh2 21. Rg3 Qxg3 {Precision: White = 31%, Black = 59%.} 0-1

[Event "DEN-chT XtraCon 2018-19"]
[Site "Denmark"]
[Date "2019.03.16"]
[Round "8"]
[White "Papp, Gabor"]
[Black "Buhl Bjerre, Jonas"]
[Result "*"]
[WhiteElo "2599"]
[BlackElo "2463"]
[Annotator "ChessBase"]
[PlyCount "79"]
[EventDate "2018.10.27"]
[EventType "team-tourn"]
[EventCountry "DEN"]
[SourceTitle "playchess.com"]
[Source "ChessBase"]
[SourceQuality "1"]
[TimeControl "40/5400+30:1800+30"]

1. e4 {[%emt 0:00:00]} c5 {[%emt 0:00:00]} 2. Nf3 {[%emt 0:00:00]} d6 {[%emt 0:00:00]} 3. d4 {[%emt 0:00:00]} cxd4 {[%emt 0:00:00]} 4. Qxd4 {[%emt 0:00:00]} Nc6 {[%emt 0:01:13]} 5. Bb5 {[%emt 0:00:17]} Bd7 {[%emt 0:01:07]} 6. Qd3 {[%emt 0:00:29]} Nf6 {[%emt 0:03:42]} 7. c4 {[%emt 0:00:35]} g6 {[%emt 0:03:40]} 8. Nc3 {[%emt 0:00:36]} Bg7 {[%emt 0:01:49]} 9. h3 {[%emt 0:00:26]} O-O {[%emt 0:02:25]} 10. O-O {[%emt 0:00:30]} a6 {[%emt 0:03:43]} 11. Bxc6 {[%emt 0:01:10]} Bxc6 {[%emt 0:03:08]} 12. Nd4 {[%emt 0:00:16]} Nd7 {[%emt 0:04:30]} 13. Be3 {[%emt 0:03:37]} Rc8 {[%emt 0:08:43]} 14. Qd2 {[%emt 0:03:53]} Nc5 {[%emt 0:08:32]} 15. f3 {[%emt 0:00:47]} Bd7 {[%emt 0:03:29]} 16. Rac1 {[%emt 0:10:00]} Na4 {[%emt 0:03:36]} 17. Nxa4 {[%emt 0:14:30]} Bxa4 {[%emt 0:00:06]} 18. b3 {[%emt 0:01:20]} Bd7 {[%emt 0:00:56]} 19. a4 {[%emt 0:02:58]} b6 {[%emt 0:06:13]} 20. Rfd1 {[%emt 0:05:01]} Qc7 {[%emt 0:06:36]} 21. Ne2 {[%emt 0:06:48]} f5 {[%emt 0:08:00]} 22. exf5 {[%emt 0:00:15]} Rxf5 {[%emt 0:01:10]} 23. Nf4 {[%emt 0:02:39]} Qb7 {[%emt 0:02:26]} 24. Nd5 {[%emt 0:04:44]} Bc6 {[%emt 0:01:42]} 25. Nxb6 {[%emt 0:03:43]} Rcf8 {[%emt 0:03:19]} 26. Rf1 {[%emt 0:00:39]} a5 {[%emt 0:02:41]} 27. c5 {[%emt 0:14:06]} d5 {[%emt 0:02:38]} 28. Rcd1 {[%emt 0:00:04]} Qc7 {[%emt 0:03:16]} 29. f4 {[%emt 0:02:58]} g5 {[%emt 0:03:22]} 30. fxg5 {[%emt 0:06:00]} Rxf1+ {[%emt 0:00:07]} 31. Rxf1 {[%emt 0:00:04]} Rxf1+ {[%emt 0:00:30]} 32. Kxf1 {[%emt 0:00:03]} Qe5 {[%emt 0:00:52]} 33. Kg1 {[%emt 0:01:48]} Qe4 {[%emt 0:02:09]} 34. Bf2 {[%emt 0:02:19]} d4 {[%emt 0:01:29]} 35. Bg3 {[%emt 0:01:04]} d3 {[%emt 0:00:14]} 36. Nc8 {[%emt 0:05:07]} Bc3 {[%emt 0:04:44]} 37. Nxe7+ {[%emt 0:00:39]} Kf7 {[%emt 0:00:43]} 38. g6+ {[%emt 0:08:40]} hxg6 {[%emt 0:02:26]} 39. Qf2+ {[%emt 0:00:46]} Kxe7 {[%emt 0:00:57]} 40. Bd6+ {[%emt 0:00:05]} *

[Event "DEN-chT XtraCon 2018-19"]
[Site "Denmark"]
[Date "2019.03.16"]
[Round "8"]
[White "Hansen, Lars Bo"]
[Black "Manosri Jacobsen, Mikkel"]
[Result "0-1"]
[WhiteElo "2560"]
[BlackElo "2285"]
[Annotator "ChessBase"]
[PlyCount "80"]
[EventDate "2018.10.27"]
[EventType "team-tourn"]
[EventCountry "DEN"]
[SourceTitle "playchess.com"]
[Source "ChessBase"]
[SourceQuality "1"]
[TimeControl "40/5400+30:1800+30"]

1. d4 {[%emt 0:00:00]} Nf6 {[%emt 0:00:02]} 2. Bg5 c5 {[%emt 0:00:27]} 3. d5 {[%emt 0:00:15]} Ne4 {[%emt 0:01:05]} 4. Bf4 {[%emt 0:00:22]} Qb6 {[%emt 0:00:58]} 5. Bc1 {[%emt 0:01:02]} e6 {[%emt 0:03:23]} 6. f3 {[%emt 0:00:29]} Nf6 {[%emt 0:04:45]} 7. e4 {[%emt 0:02:26]} d6 {[%emt 0:03:24]} 8. Na3 {[%emt 0:01:52]} Qd8 {[%emt 0:06:45]} 9. Nc4 {[%emt 0:04:42]} Na6 {[%emt 0:28:59]} 10. Ne2 {[%emt 0:29:58]} exd5 {[%emt 0:26:29]} 11. exd5 {[%emt 0:00:54]} Nc7 {[%emt 0:00:06]} 12. Ne3 {[%emt 0:06:03]} g6 {[%emt 0:00:26]} 13. Ng3 {[%emt 0:02:36]} Bh6 {[%emt 0:03:06]} 14. c4 {[%emt 0:12:01]} O-O 15. Bd3 {[%emt 0:06:17]} Re8 {[%emt 0:07:25]} 16. Kf2 {[%emt 0:00:17]} b5 {[%emt 0:00:29]} 17. b3 {[%emt 0:12:22]} Bf4 {[%emt 0:05:03]} 18. Rb1 {[%emt 0:03:26]} h5 {[%emt 0:02:04]} 19. Qc2 {[%emt 0:03:43]} Bxe3+ {[%emt 0:01:30]} 20. Bxe3 {[%emt 0:00:05]} Ng4+ {[%emt 0:00:18]} 21. fxg4 {[%emt 0:00:40]} Qf6+ {[%emt 0:00:10]} 22. Nf5 {[%emt 0:04:25]} hxg4 {[%emt 0:00:55]} 23. Qb2 {[%emt 0:02:02]} Qxb2+ {[%emt 0:01:07]} 24. Rxb2 {[%emt 0:00:02]} Bxf5 {[%emt 0:00:17]} 25. Bxf5 {[%emt 0:00:15]} gxf5 {[%emt 0:00:04]} 26. Bf4 {[%emt 0:00:08]} Red8 {[%emt 0:02:23]} 27. Re2 {[%emt 0:00:37]} bxc4 {[%emt 0:00:51]} 28. bxc4 {[%emt 0:00:07]} Rab8 {[%emt 0:00:06]} 29. Bg5 {[%emt 0:04:26]} Rd7 {[%emt 0:00:45]} 30. h3 {[%emt 0:00:16]} Kg7 {[%emt 0:00:39]} 31. Bd2 {[%emt 0:00:52]} Rh8 {[%emt 0:00:49]} 32. h4 {[%emt 0:01:11]} Ne8 {[%emt 0:00:22]} 33. Bc3+ {[%emt 0:01:32]} Nf6 {[%emt 0:00:02]} 34. h5 {[%emt 0:00:53]} Rh6 {[%emt 0:00:57]} 35. Kg3 {[%emt 0:00:36]} Rd8 {[%emt 0:00:32]} 36. Re7 {[%emt 0:00:17]} Rdh8 {[%emt 0:00:12]} 37. Rxa7 {[%emt 0:00:20]} Rxh5 {[%emt 0:00:11]} 38. Re1 {[%emt 0:00:11]} Rh3+ {[%emt 0:00:27]} 39. gxh3 {[%emt 0:00:17]} Rxh3+ {[%emt 0:00:02]} 40. Kf4 {[%emt 0:01:05]} Kg6 {[%emt 0:00:17]} 0-1